000 01009nam a22003137 4500
003 CHAP
005 20260127131626.0
008 110525s2009 it a rn 00010 eng d
010 _a101295
011 _a102267
035 _a112955
040 _cCHAP
082 0 4 _a637.1
_bF21y
110 2 _aFAO
245 1 0 _aMilk testing and payment systems. Resource book :
_ba practical guide to assist milk producer groups
_c/por Jurjen Draaiyer ...[et al.]
260 _aRome :
_bFAO,
_c2009
300 _ax, 49 p. :
_bilus., tablas
590 _aBATCH-UPD
_b10
_c20130110
_lUCH01
_h1452
590 _aCONVERSION
_b10
_c20130109
_lUCH01
_h1356
650 1 4 _aAlimentos
_xHigiene.
_94224
650 1 4 _aCalidad
_xControl de la.
_917484
650 1 4 _aIndustria lechera.
_957819
650 1 4 _aLeche
_xPrecios.
_965398
650 1 7 _aPlantas lecheras
_2
_989014
700 1 _aDraaiyer, Jurjen
_934149
901 _aBK
942 _cLIBRO
949 _a637.1 F21y
_bBC
_cFAO
_d33724002138595
_eFAO1
_gDonaciØn
_h114999
_i112955
_sb
999 _c101295
_d101295